Anesthesia for Cesarean Section

This book examines every aspect of anesthesia in patients undergoing cesarean section. Anesthetic and surgical techniques are clearly described, with detailed guidance on indications and contraindications and identification of potential complications. Practical information is provided on postoperati...

Full description

Bibliographic Details
Corporate Author: SpringerLink (Online service)
Other Authors: Capogna, Giorgio (Editor)
Format: Electronic eBook
Language:English
Published: Cham : Springer International Publishing : Imprint: Springer, 2017.
Subjects:
Online Access:Full Text via HEAL-Link
LEADER 03134nam a22004335i 4500
001 978-3-319-42053-0
003 DE-He213
005 20170505135331.0
007 cr nn 008mamaa
008 170505s2017 gw | s |||| 0|eng d
020 |a 9783319420530  |9 978-3-319-42053-0 
024 7 |a 10.1007/978-3-319-42053-0  |2 doi 
040 |d GrThAP 
050 4 |a RD78.3-87.3 
072 7 |a MMB  |2 bicssc 
072 7 |a MED006000  |2 bisacsh 
082 0 4 |a 617.96  |2 23 
245 1 0 |a Anesthesia for Cesarean Section  |h [electronic resource] /  |c edited by Giorgio Capogna. 
264 1 |a Cham :  |b Springer International Publishing :  |b Imprint: Springer,  |c 2017. 
300 |a VIII, 224 p. 13 illus., 3 illus. in color.  |b online resource. 
336 |a text  |b txt  |2 rdacontent 
337 |a computer  |b c  |2 rdamedia 
338 |a online resource  |b cr  |2 rdacarrier 
347 |a text file  |b PDF  |2 rda 
505 0 |a History of cesarean section -- Epidemiology, indications, contraindications and surgical techniques -- Selection of anesthesia methods -- Spinal anesthesia (drugs - technique) -- Epidural and CSE anesthesia (drugs - technique) -- Assessing the anesthetic block -- General anestesia (drugs - technique) -- Effects on the fetus, neonate and breastfeeding -- Choice of anesthesia for emergency cesarean section -- Surgical complications -- Complications due to anesthesia (general and regional) -- Postoperative analgesia -- Long term problems and chronic pain -- Humanization of cesarean section -- Medicolegal aspects -- Maternal expectations and satisfaction. 
520 |a This book examines every aspect of anesthesia in patients undergoing cesarean section. Anesthetic and surgical techniques are clearly described, with detailed guidance on indications and contraindications and identification of potential complications. Practical information is provided on postoperative analgesia, postoperative course and nursing, the significance of cesarean section for breastfeeding, and the occurrence of long-term problems and chronic pain after cesarean section. Other topics to be addressed include the history and epidemiology of cesarean delivery, effects on the fetus and neonate, ethical issues, the humanization of childbirth, and maternal expectations and satisfaction. While many books are available on obstetric anesthesia, none is exclusively devoted to cesarean section although it is one of the most frequently performed surgeries. Anesthesia for Cesarean Section will be appreciated by all anesthesiologists and will be a useful source of information for obstetricians, gynecologists, midwives, nurses, medical students, and trainees. 
650 0 |a Medicine. 
650 0 |a Anesthesiology. 
650 0 |a Obstetrics. 
650 1 4 |a Medicine & Public Health. 
650 2 4 |a Anesthesiology. 
650 2 4 |a Obstetrics/Perinatology. 
700 1 |a Capogna, Giorgio.  |e editor. 
710 2 |a SpringerLink (Online service) 
773 0 |t Springer eBooks 
776 0 8 |i Printed edition:  |z 9783319420516 
856 4 0 |u http://dx.doi.org/10.1007/978-3-319-42053-0  |z Full Text via HEAL-Link 
912 |a ZDB-2-SME 
950 |a Medicine (Springer-11650)